000 00878nam a2200241 i 4500
001 59133
005 20191004132009.0
008 140415s2013 mx a r 000 0 spa d
020 _a9786079553692
040 _aMX-PuUPA
_bspa
_erda
_cMx-PuUPA
_dMx-PuUPA
041 0 _aspa
082 0 _a972
_bCIE
245 0 0 _aCien años de vida institucional judía en México :
_bmosaico de experiencias y reflexiones (1912-2012) /
_cprologuista José Narro Robles ; coordinadora Alicia Gojman de Backal.
250 _aPrimera edición
264 1 _aMéxico, D. F. :
_bComunidad Ashkenazi de México,
_c2013
300 _a304 páginas :
_bilustraciones ;
_c22 cm.
336 _atexto
_2rdacontent
337 _asin mediación
_2rdamedia
338 _avolumen
_2rdacarrier
650 4 _aJudios
_zMéxico
_xSociedades, etc.
650 4 _aJudios
999 _c59133
_d59133
942 _h972
_iCIE
_cLI